Europa Karte Quiz - Eine Minute Sprint - Statistiken

Allgemein
  • Dieses Quiz wurde 298 mal gespielt
  • Das Durchschnittsergebnis liegt bei 19 aus 45
Antworten auf der Karte
Die Antworten werden auf der Karte rot bzw. grün angezeigt, abhängig davon wie oft sie richtig erraten wurden.
 
Antwortstatistiken
Antwort % Korrekt
Deutschland
98%
Frankreich
96%
Portugal
91%
Irland
90%
Island
90%
Italien
90%
Spanien
89%
Griechenland
88%
Vereinigtes Königreich
84%
Russland
83%
Finnland
81%
Dänemark
74%
Norwegen
74%
Schweden
73%
Belgien
63%
Niederlande
60%
Luxemburg
56%
Schweiz
48%
Österreich
45%
Tschechien
37%
Polen
33%
Lettland
29%
Estland
28%
Litauen
28%
Slowakei
28%
Weißrussland
15%
Bulgarien
14%
Moldawien
14%
Ukraine
14%
Kosovo
13%
Bosnien und Herzegowina
12%
Rumänien
12%
Albanien
11%
Kroatien
11%
Mazedonien
11%
Liechtenstein
10%
Malta
10%
Andorra
9%
Monaco
8%
Montenegro
8%
Serbien
7%
Slowenien
6%
Ungarn
5%
San Marino
3%
Vatikanstadt
3%
Keine übereinstimmenden Quizze gefunden
Verteilung der Resultate
Anzahl Personen mit jedem Resultat
Perzentil nach korrekt beantworteten Fragen
Ihre Resultats-Entwicklung
Sie haben dieses Quiz noch nicht gespielt